| 000 | 01322 a2200229 4500 | ||
|---|---|---|---|
| 001 | 41212 | ||
| 005 | 20260407155706.0 | ||
| 008 | 260407a2012 arg spa d | ||
| 003 | AR-UNSa-BCEJYS | ||
| 040 |
_aAR-UNSa-BCEJYS _bspa _cAR-UNSa-BCEJYS |
||
| 080 |
_a347.72 _xSociedades comerciales |
||
| 245 | 1 | 0 | _aLas reformas a la Ley 19.550 de sociedades comerciales en el proyecto de código civil y comercial de la Nación |
| 020 | _a978-950-894-904-2 | ||
| 264 | 1 |
_aBuenos Aires : _bAD-HOC _c2012 |
|
| 300 |
_a220 p. _c23 cm. |
||
| 505 | _a1. Aspectos generales de la reforma - 2. La sociedad unipersonal - 3. El régimen inscriptorio - 4. La desaparición de la "irregularidad" - 5. El instrumento constitutivo - 6. El nuevo régimen de nulidad - 7. Las nuevas sociedades de la sección IV - 8. Sociedades entre cónyuges - 9. Sociedades con menores de edad - 10. El nuevo régimen para la sociedad socia - 11. Las novedades en materia de disolución y liquidación de sociedades - 12. Cambios en el régimen de sindicatura - 13. Cambios en los contratos asociativos - 14. Apéndice legislativo | ||
| 041 | _aspa | ||
| 942 | _cBK | ||
| 590 | _aniveau_biblio:m niveau_hierar:0 | ||
| 100 | 1 | _aVítolo, Daniel Roque | |
| 856 | 4 | 1 |
_uhttps://biblioeco.unsa.edu.ar/pmb/images/libros/L126441.jpg _yImagen de portada _qimage/jpeg |
| 999 |
_c3425 _d3425 |
||